Historia de la escritura : el papel, el libro y el periódico en la antigüedad, Gutemberg y la imprenta /

Sábháilte in:
Sonraí bibleagrafaíochta
Príomhchruthaitheoir: Rodríguez, Luis Angel (autor)
Formáid: LEABHAR
Teanga:Spáinnis
Ábhair:
Clibeanna: Cuir clib leis
Níl clibeanna ann, Bí ar an gcéad duine le clib a chur leis an taifead seo!

MARC

LEADER 00000nam^a2200000^a^4500
001 000126904
005 20250521000000.0
009 20260310094744.101
037 |a Acervo ITESO - Biblioteca 
041 |a ESP 
082 |a 302. 23209  |b ROD 
100 |a Rodríguez, Luis Angel  |e (autor) 
245 1 0 |a Historia de la escritura :  |b el papel, el libro y el periódico en la antigüedad, Gutemberg y la imprenta /  |c L.A. Rodríguez. 
264 |a México :  |b Hispanomexicana,  |c 1944 
300 |a 111 p. 
336 |a texto  |b txt  |2 rdacontenido 
337 |a sin mediación  |b n  |2 rdamedio 
338 |a volumen  |b nc  |2 rdasoporte 
649 |a XX 
650 |a Comunicación Escrita -  |x Historia 
650 |a Comunicación Escrita -  |z México -  |x Historia 
650 |a Periódicos -  |x Historia 
650 |a Libros -  |x Historia 
650 |a Imprenta -  |z México -  |x Historia 
650 |a Imprenta -  |x Historia 
910 |a Fondo Salvador Reynoso Reynoso 
920 |a Impresos - Libros 
930 |a Fondos Especiales 
905 |a 112 
901 |a 0800009345  |b IT2  |c ESP  |u 20250521 
902 |a https://opac.biblio.iteso.mx/vufind/Record/000126904